U.S. military aid to pakistan and india's security / (Record no. 123820)

MARC details
000 -LEADER
fixed length control field 00826nam a22002537a 4500
003 - CONTROL NUMBER IDENTIFIER
control field dpl
005 - DATE AND TIME OF LATEST TRANSACTION
control field 20180806164339.0
008 - FIXED-LENGTH DATA ELEMENTS--GENERAL INFORMATION
fixed length control field 161212b xxu||||| |||| 00| 0 eng d
010 ## - LIBRARY OF CONGRESS CONTROL NUMBER
LC control number B-031218
020 ## - INTERNATIONAL STANDARD BOOK NUMBER
Terms of availability 00
International Standard Book Number 818620816
035 ## - SYSTEM CONTROL NUMBER
System control number B-031218, B-031219, B-031222
037 ## - SOURCE OF ACQUISITION
Source of stock number/acquisition Cen Lib/Ret
040 ## - CATALOGING SOURCE
Original cataloging agency DPL
Language of cataloging EN
Transcribing agency TIT
082 ## - DEWEY DECIMAL CLASSIFICATION NUMBER
Classification number 327.547073
100 ## - MAIN ENTRY--PERSONAL NAME
Personal name Aftab Alam
9 (RLIN) 8149
245 ## - TITLE STATEMENT
Title U.S. military aid to pakistan and india's security /
Statement of responsibility, etc by Aftab Alam
260 ## - PUBLICATION, DISTRIBUTION, ETC. (IMPRINT)
Place of publication, distribution, etc New Delhi
Name of publisher, distributor, etc Raj publications
Date of publication, distribution, etc 2001
270 ## - ADDRESS
Address R-115/2, model town-3
City New Delhi
Postal code 110009
300 ## - PHYSICAL DESCRIPTION
Extent 168p.
Dimensions 21cm(Hb)
500 ## - GENERAL NOTE
General note Includes bibliographical references and index
650 ## - SUBJECT ADDED ENTRY--TOPICAL TERM
Topical term or geographic name as entry element Foreign relation
Geographic subdivision USA-India-Pakistan
9 (RLIN) 8150
650 ## - SUBJECT ADDED ENTRY--TOPICAL TERM
Topical term or geographic name as entry element Security affairs
9 (RLIN) 8151
942 ## - ADDED ENTRY ELEMENTS (KOHA)
Source of classification or shelving scheme Dewey Decimal Classification
Koha item type English Books
Classification part 327.547073
Call number suffix AFT
Holdings
Withdrawn status Lost status Damaged status Not for loan Home library Current library Date acquired Source of acquisition Cost, normal purchase price Total Checkouts Full call number Barcode Date last seen Copy number Cost, replacement price Price effective from Koha item type Public note Source of classification or shelving scheme Collection code
Written off       Central Library Central Library 12/06/2015 Cen Lib/Ret 0.00   327.547073 AFT B-031218 12/06/2015 1 0.00 12/06/2015 English Books W/d List No. 6899/24 ; dtd 21/10/2020    
        Patel Nagar Patel Nagar 28/07/2018 BPPD/PUB 325.00   327.547073 AFT B-031219 28/07/2018   325.00 28/07/2018 English Books   Dewey Decimal Classification Non-fiction
        Shahdara Branch Shahdara Branch 06/08/2018 BPPD/PUB 480.00   327.547073 AFT B-031222 06/08/2018   480.00 06/08/2018 English Books   Dewey Decimal Classification Non-fiction

© Delhi Public Library
Hit Counter
free hit counter